[Event "Roskilde"]
[Site "Roskilde"]
[Date "1978.??.??"]
[Round "2"]
[White "Westerinen, Heikki MJ"]
[Black "Jakobsen, Ole"]
[Result "1/2-1/2"]
[WhiteElo "2450"]
[BlackElo "2400"]

1.e4 c5 2.Nf3 e6 3.d4 cxd4 4.Nxd4 Nc6 5.Nc3 a6 6.Bf4 d6 7.Nf3 Be7 8.Qd2 Qc7
9.O-O-O Ne5 10.Qd4 f6 11.Nd2 b5 12.Be2 Rb8 13.a3 Bd7  1/2-1/2

[Event "Roskilde"]
[Site "Roskilde"]
[Date "1978.??.??"]
[Round "5"]
[White "Schneider, Lars Ake"]
[Black "Jakobsen, Ole"]
[Result "1-0"]
[WhiteElo "2430"]
[BlackElo "2400"]

1.e4 c5 2.Nf3 e6 3.d4 cxd4 4.Nxd4 Nc6 5.Nc3 a6 6.Bf4 d6 7.Nf3 Be7 8.Qd2 Qc7
9.O-O-O Ne5 10.Qd4 f6 11.Qa4+ Kf7 12.Nd4 h5 13.Qb3 Rb8 14.h4 b5 15.Bg3 Nc6
16.Nce2 Na5 17.Qd3 Nh6 18.f3 e5 19.Nb3 Nxb3+ 20.axb3 b4 21.f4 Bb7 22.Be1 a5
23.Ng3 exf4 24.Nxh5 d5 25.exd5 Bd6 26.g3 Rbd8 27.Bh3 g6 28.Be6+  1-0

[Event "Rilton Cup"]
[Site "Stockholm"]
[Date "1978.??.??"]
[Round "5"]
[White "Svenn, Matti"]
[Black "Wockenfuss, Klaus"]
[Result "1-0"]
[WhiteElo "2285"]
[BlackElo "2400"]

1.e4 c5 2.Nf3 e6 3.d4 cxd4 4.Nxd4 Nc6 5.Nc3 a6 6.Be2 Nf6 7.O-O Qc7 8.Kh1 Nxd4
9.Qxd4 Bc5 10.Qd3 b5 11.Bf3 Rb8 12.Bg5 Be7 13.Rfe1 d6 14.Rad1 b4 15.Ne2 O-O
16.Ng3 Rd8 17.Qe3 Rb5 18.Be2 Ng4 19.Bxg4 Bxg5 20.f4 Bf6 21.b3 Rc5 22.Nh5 Bc3
23.Rf1 g6 24.Ng3 h5 25.Bh3 h4 26.Ne2 Bg7 27.f5 exf5 28.exf5 gxf5 29.Qg5 Re8
30.Nf4 Qe7 31.Qh5 Qf6 32.Nd5 Qe5 33.Nf4 Rxc2 34.Qxh4 Qf6 35.Qg3 Rc3 36.Nd5 Qe5
37.Nxc3 Qxg3 38.hxg3 bxc3 39.Rxd6 Bb7 40.Bxf5  1-0

[Event "Rilton Cup"]
[Site "Stockholm"]
[Date "1978.??.??"]
[Round "7"]
[White "Boman, A."]
[Black "Wockenfuss, Klaus"]
[Result "0-1"]
[WhiteElo "2140"]
[BlackElo "2400"]

1.e4 c5 2.Nf3 e6 3.d4 cxd4 4.Nxd4 Nc6 5.Nc3 a6 6.Bc4 Qc7 7.O-O Nf6 8.a3 Nxd4
9.Qxd4 Bc5 10.Qd3 Ng4 11.Qg3 Qxg3 12.hxg3 h5 13.Bf4 b5 14.Bd3 f6 15.Rad1 Bb7
16.Be2 Ne5 17.Rd2 Ke7 18.Rfd1 Rad8 19.b4 Ba7 20.a4 bxa4 21.Nxa4 Bxe4 22.Bxa6 h4
23.c4 h3 24.Re1 Ba8 25.Bxe5 fxe5 26.Rxe5 h2+  0-1

[Event "SWE-ch"]
[Site "SWE"]
[Date "1978.??.??"]
[Round "?"]
[White "Bjork, Carl Magnus"]
[Black "Schussler, Harry"]
[Result "1/2-1/2"]
[WhiteElo "2200"]
[BlackElo "2365"]

1.e4 c5 2.Nf3 e6 3.d4 cxd4 4.Nxd4 Nc6 5.Nc3 d6 6.Be2 Nf6 7.O-O Be7 8.Be3 O-O
9.f4 Bd7 10.Nb3 a6 11.a4 b6 12.Bf3 Rb8 13.g4 b5 14.g5 Ne8 15.axb5 axb5 16.h4 f6
17.Qd2 Kh8 18.Qg2 Nb4 19.Rad1 Qc8  1/2-1/2

[Event "SWE-ch"]
[Site "SWE"]
[Date "1978.??.??"]
[Round "?"]
[White "Cramling, Dan"]
[Black "Niklasson, Christer"]
[Result "1/2-1/2"]
[WhiteElo "2355"]
[BlackElo "2340"]

1.e4 c5 2.Nf3 e6 3.d4 cxd4 4.Nxd4 Nc6 5.Nc3 Qc7 6.g3 d6 7.Bg2 Bd7 8.O-O Nf6
9.Re1 Be7 10.Ndb5 Qb8 11.a4 a6 12.Na3 b6 13.h3 O-O 14.Be3 Qc7 15.Qd2 Rab8
16.Rad1 Rfd8 17.Qe2 Nb4 18.Rd4 Nc6 19.Rd2 Nb4 20.Bf4 e5 21.Bg5 Be6 22.f4 h6
23.Bxf6 Bxf6 24.f5 Bc8 25.Qc4 Qxc4 26.Nxc4 b5 27.axb5 axb5 28.Na3 Bg5 29.Rde2 Ba6
30.h4 Be7 31.Rd2 Rdc8 32.Bf1 Rc5 33.Red1 Rb6 34.Nd5 Nxd5 35.Rxd5 Rxd5 36.Rxd5 Bb7
37.Rxb5 Rxb5 38.Nxb5 Bxe4 39.Bd3 Bc6 40.c4 Bxb5 41.cxb5  1/2-1/2

[Event "SWE-ch"]
[Site "SWE"]
[Date "1978.??.??"]
[Round "?"]
[White "Rorvall, Goran"]
[Black "Niklasson, Christer"]
[Result "0-1"]
[WhiteElo "2350"]
[BlackElo "2340"]

1.e4 c5 2.Nf3 e6 3.d4 cxd4 4.Nxd4 Nc6 5.Nc3 a6 6.Be2 d6 7.O-O Nf6 8.Kh1 Be7
9.f4 Qc7 10.a4 O-O 11.Be3 Rd8 12.Qe1 Nxd4 13.Bxd4 e5 14.Be3 exf4 15.Bxf4 Be6
16.Qg3 Nd7 17.Bd3 Ne5 18.Nd5 Bxd5 19.exd5 g6 20.c3 Bf8 21.Rf2 Bg7 22.Raf1 Rd7
23.Qh3 Re8 24.Be2 f5 25.b3 Qc5 26.c4 Ng4  0-1

[Event "SWE-ch"]
[Site "SWE"]
[Date "1978.??.??"]
[Round "?"]
[White "Hammar, Bengt"]
[Black "Niklasson, Christer"]
[Result "1/2-1/2"]
[WhiteElo "2385"]
[BlackElo "2340"]

1.e4 c5 2.Nf3 e6 3.d4 cxd4 4.Nxd4 Nc6 5.Nc3 Qc7 6.g3 d6 7.Bg2 Bd7 8.O-O Nf6
9.Be3 Be7 10.h3 O-O 11.Nde2 a6 12.g4 b5 13.a3 Rfc8 14.g5 Ne8 15.f4 Rab8 16.f5 Ne5
17.Nd4 b4 18.axb4 Rxb4 19.Bc1 Qb6 20.Ne2 a5 21.Kh1 a4 22.c3 Rxb2  1/2-1/2

[Event "CAN-ch/zt"]
[Site "Toronto"]
[Date "1978.??.??"]
[Round "3"]
[White "Green Krotki, J."]
[Black "Vranesic, Zvonko"]
[Result "1/2-1/2"]
[WhiteElo "2200"]
[BlackElo "2395"]

1.e4 c5 2.Nf3 e6 3.d4 cxd4 4.Nxd4 Nc6 5.Nc3 d6 6.Be3 Nf6 7.Be2 Be7 8.O-O O-O
9.f4 a6 10.Bf3 Qc7 11.Qe1 Nxd4 12.Bxd4 e5 13.Be3 exf4 14.Bxf4 Be6 15.Qf2 Rac8
16.Rad1 Nd7 17.Nd5 Bxd5 18.Rxd5 Ne5 19.Rc1 b5 20.c3 Qb8 21.Rcd1 Rc6 22.Qg3 Bf6
23.Be2 Re8 24.Kh1 Re6 25.R1d2 Qc7 26.h3 Qe7 27.Rd1 Kh8 28.Bg4 Nxg4 29.Qxg4 h6
30.Qg3 Bh4 31.Qd3 Rxe4 32.Rxd6 Rxd6 33.Bxd6 Qe6 34.Qf3 Re1+ 35.Rxe1 Qxe1+
36.Kh2 Bf2 37.h4 Qg1+ 38.Kh3 Qh1+ 39.Bh2 Bg1 40.Qa8+ Kh7 41.Qe4+ g6 42.Qf4 Qxh2+
43.Qxh2 Bxh2 44.Kxh2 f5 45.Kg3 Kg7 46.Kf4 Kf6 47.g3 g5+ 48.hxg5+ hxg5+ 49.Ke3 Ke5
50.b3 Kd5 51.Kf3 a5 52.Ke3 a4 53.Kf3 Ke5 54.Ke3 Kd5  1/2-1/2

[Event "CAN-ch/zt"]
[Site "Toronto"]
[Date "1978.??.??"]
[Round "5"]
[White "South, Robert"]
[Black "Vranesic, Zvonko"]
[Result "1/2-1/2"]
[WhiteElo "2200"]
[BlackElo "2395"]

1.e4 c5 2.Nf3 e6 3.d4 cxd4 4.Nxd4 Nc6 5.Nc3 d6 6.g3 Nf6 7.Bg2 Bd7 8.Ndb5 Qb8
9.Bg5 a6 10.Bxf6 gxf6 11.Nd4 Qa7 12.Nde2 b5 13.a3 Rc8 14.O-O Be7 15.Qd2 h5
16.Nd1 h4 17.Ne3 hxg3 18.hxg3 Qc5 19.Nf4 Ne5 20.c3 Ng6 21.Nc2 Qg5 22.Rfd1 Nxf4
23.Qxf4 Qxf4 24.gxf4 Bc6 25.Nd4 Bb7 26.a4 bxa4 27.Rxa4 Rg8 28.Kf1 f5 29.Ne2 Bc6
30.Rad4 Rb8 31.R1d2 e5 32.Rc4 Bb5 33.Rc7 Bd8 34.c4 Bxc7 35.cxb5 axb5 36.fxe5 dxe5
37.exf5 Rd8 38.Bc6+ Ke7 39.Rxd8 Rxd8 40.Bxb5 Rb8 41.Bd3 Rxb2 42.Ng3 Rd2 43.Ba6 Rd4
44.Bb7 Kf6 45.Ke2 Bb6 46.Be4 Rb4 47.f3 Rb2+ 48.Kd3 Ba5 49.Ne2 Kg5 50.Nc1 Bd2
51.Ne2 f6 52.Kc4 Ba5 53.Nc1 Rb8 54.Kd5 Kh6 55.Nd3 Kg7 56.Ke6 Bb4 57.Nxb4 Rxb4
58.Ke7 Ra4 59.Bd5 Ra6 60.Bc4 Rb6 61.Bd5 Kh6 62.Be4 Kg5 63.Kf7 Ra6 64.Ke7 Ra7+
65.Ke6 Rh7 66.Bc6 Rh4 67.Bd5 Ra4 68.Be4 Ra3 69.Ke7 Ra2 70.Kf7 Rd2 71.Ke7 Rh2
72.Kf7 Rh4 73.Ke7 Rh7+ 74.Ke6 Ra7 75.Bd3 Rb7 76.Be4 Rb6+ 77.Ke7 Kh5 78.Kf7  1/2-1/2

[Event "CAN-ch/zt"]
[Site "Toronto"]
[Date "1978.??.??"]
[Round "15"]
[White "Nickoloff, Bryon"]
[Black "Vranesic, Zvonko"]
[Result "1-0"]
[WhiteElo "2280"]
[BlackElo "2395"]

1.e4 c5 2.Nf3 e6 3.d4 cxd4 4.Nxd4 Nc6 5.Nc3 d6 6.Be3 Nf6 7.Be2 Be7 8.O-O O-O
9.f4 a6 10.Qe1 Nxd4 11.Bxd4 b5 12.a3 Bb7 13.Qg3 g6 14.f5 e5 15.Be3 Kh8 16.Bg5 Rg8
17.Qh4 gxf5 18.Rxf5 Rxg5 19.Qxg5 Nxe4 20.Qe3 Bg5 21.Qf3 Qb6+ 22.Kh1 Nd2 23.Qd3 Be3
24.Nd5 Bxd5 25.Qxd5 Rg8 26.Rd1 Qd4 27.Qxd4 exd4 28.Rxf7 Ne4 29.Rdf1 Rg6 30.g3 Ng5
31.Re7 Kg8 32.h4 Ne6 33.Bh5 Rh6 34.Rxe6 Rxh5 35.Rxd6 Rc5 36.Kg2 Rxc2+ 37.Kf3 Rxb2
38.Rxa6  1-0

[Event "Tramandai zt"]
[Site "Tramandai"]
[Date "1978.??.??"]
[Round "1"]
[White "Gonzalez, Bernal M"]
[Black "Bronstein, Luis"]
[Result "1/2-1/2"]
[WhiteElo "2200"]
[BlackElo "2400"]

1.e4 c5 2.Nf3 e6 3.d4 cxd4 4.Nxd4 Nc6 5.Nc3 a6 6.Be2 Nge7 7.O-O Nxd4 8.Qxd4 b5
9.Bg5 Nc6 10.Qe3 Be7 11.Bxe7 Nxe7 12.f4 O-O 13.Rad1 Rb8 14.Rd2 Bb7 15.f5 exf5
16.exf5 Re8 17.Qg5 f6 18.Qh5 Qb6+ 19.Kh1 Qc5 20.Bf3 Bxf3 21.Qxf3 Qxf5 22.Qd1 Qe6
23.Re1 Qc6 24.Rd6 Qa8 25.Rxd7 Nf5 26.Rg1 Re5 27.Nd5 Qc6 28.Rf1 Rbe8 29.c3 h5
30.Nf4 Ne3 31.Qb3+ Qc4 32.Qxc4+ bxc4 33.Rb1 Nd5 34.Nh3 Re1+ 35.Rxe1 Rxe1+
36.Ng1 Nf4 37.Rd2 Rb1 38.g3 Nd3 39.b3 cxb3 40.axb3 Nc1 41.b4 Nb3 42.Rc2  1/2-1/2

[Event "Tramandai zt"]
[Site "Tramandai"]
[Date "1978.??.??"]
[Round "3"]
[White "Frias, Victor J"]
[Black "Emma, Jaime"]
[Result "1/2-1/2"]
[WhiteElo "2390"]
[BlackElo "2390"]

1.e4 e6 2.d4 c5 3.Nf3 cxd4 4.Nxd4 Nc6 5.Nc3 Qc7 6.Be2 a6 7.O-O Nf6 8.Kh1 Be7
9.f4 d6 10.Be3 Bd7 11.Qe1 b5 12.a3 O-O 13.Qg3 Nxd4 14.Bxd4 Bc6 15.Rae1 g6
16.f5 e5 17.Be3 Qd8 18.Bh6  1/2-1/2

[Event "DEN-ch"]
[Site "Alborg"]
[Date "1979.??.??"]
[Round "11"]
[White "Kristiansen, Jens"]
[Black "Fries Nielsen, Niels Jorgen"]
[Result "1-0"]
[WhiteElo "2365"]
[BlackElo "2300"]

1.e4 c5 2.Nf3 e6 3.Nc3 Nc6 4.d4 cxd4 5.Nxd4 a6 6.Be2 Nf6 7.O-O Qc7 8.Be3 Bb4
9.Na4 O-O 10.Nxc6 bxc6 11.f4 d5 12.e5 Nd7 13.c4 f5 14.Qc2 Nxe5 15.Bb6 Qb8
16.fxe5 Qxe5 17.c5 Qe3+ 18.Rf2 e5 19.a3 a5 20.axb4  1-0

[Event "IBM-B"]
[Site "Amsterdam"]
[Date "1979.??.??"]
[Round "11"]
[White "Baljon, Christofoor"]
[Black "Hernandez, Roman"]
[Result "1-0"]
[WhiteElo "2255"]
[BlackElo "2500"]

1.e4 c5 2.Nf3 Nc6 3.d4 cxd4 4.Nxd4 e6 5.Nc3 Qc7 6.g3 a6 7.Bg2 Nf6 8.O-O Nxd4
9.Qxd4 Bc5 10.Qd3 h6 11.Na4 Ba7 12.c4 d6 13.b3 e5 14.Ba3 Bd4 15.Rac1 Bd7
16.Nc3 O-O 17.Ne2 Bc5 18.b4 Ba7 19.Rfd1 Bg4 20.Rd2 Rfd8 21.Nc3 Rac8 22.Nd5 Nxd5
23.exd5 a5 24.bxa5 Qxa5 25.Rb2 Qa6 26.Bf1 Bd4 27.Rb3 b6 28.Qe4 f5 29.Qb1 e4
30.Bxd6 Qa7 31.Ra3 Qf7 32.Bf4 Bc5 33.Rb3 Bf3 34.Be3 Qh5 35.Qb2 Bxe3 36.fxe3 Qg5
37.Qd4 h5 38.Qxb6 h4 39.Qe6+ Kh8 40.Qe5 Rxd5 41.Qxd5 hxg3 42.Qe5 gxh2+ 43.Kxh2 Qh4+
44.Kg1 Rc6 45.Rb2 Qg5+ 46.Kf2 Rh6 47.Rb8+ Kh7 48.Qf4 Qf6 49.Rb5 Rh5 50.Be2 Rh4
51.Qxf5+ Qxf5 52.Rxf5 Rh2+ 53.Kg3 Rxe2 54.c5  1-0

[Event "IBM-B"]
[Site "Amsterdam"]
[Date "1979.??.??"]
[Round "12"]
[White "Dolmatov, Sergey"]
[Black "Langeweg, Kick"]
[Result "1/2-1/2"]
[WhiteElo "2495"]
[BlackElo "2440"]

1.e4 c5 2.Nf3 e6 3.d4 cxd4 4.Nxd4 Nc6 5.Nc3 d6 6.Be2 Nf6 7.O-O Be7 8.Be3 O-O
9.f4 a6 10.a4 Bd7 11.Nb3 b6 12.Kh1 Qc7 13.Bf3  1/2-1/2

[Event "AUT-ch"]
[Site "AUT"]
[Date "1979.??.??"]
[Round "8"]
[White "Herzog, Adolf"]
[Black "Janetschek, Karl"]
[Result "1-0"]
[WhiteElo "2210"]
[BlackElo "2320"]

1.e4 c5 2.Nf3 Nc6 3.Nc3 e6 4.d4 cxd4 5.Nxd4 d6 6.Be2 Nf6 7.O-O Be7 8.Be3 a6
9.a4 O-O 10.Nb3 Nd7 11.f4 b6 12.Rf3 Nc5 13.Rh3 g6 14.Qd2 Ra7 15.f5 Nxb3 16.cxb3 d5
17.exd5 exd5 18.Nxd5 Bxf5 19.Bxb6 Qb8 20.g4 Be4 21.Qh6 g5 22.Qxc6 Bxd5 23.Qh6 Be4
24.Bd4 f6 25.Bc4+ Kh8 26.Re1 Bc2 27.Rhe3  1-0

[Event "Banja Luka"]
[Site "Banja Luka"]
[Date "1979.??.??"]
[Round "?"]
[White "Sibarevic, Milenko"]
[Black "Adorjan, Andras"]
[Result "0-1"]
[WhiteElo "2355"]
[BlackElo "2525"]

1.e4 c5 2.Nc3 Nc6 3.Nge2 e6 4.d4 cxd4 5.Nxd4 Nf6 6.Ndb5 d6 7.Bf4 e5 8.Bg5 a6
9.Na3 b5 10.Bxf6 gxf6 11.Nd5 f5 12.Bd3 Be6 13.Qh5 Bg7 14.O-O f4 15.c4 bxc4
16.Bxc4 O-O 17.Rac1 Rb8 18.Nxf4 Bxc4 19.Rxc4 Ne7 20.Nd3 f5 21.Rd1 fxe4 22.Rxe4 Ng6
23.g3 d5 24.Rg4 Qf6 25.Rd2 Kh8 26.Nc5 Rbc8 27.Rxg6 Qxg6 28.Qxg6 hxg6 29.Rxd5 e4
30.Nc4 Rf5 31.Rxf5 gxf5 32.b4 Bf8 33.Nb6 Rd8 34.Nbd7 Bxc5 35.Nxc5 Rd1+ 36.Kg2 Rd2
37.Kf1 Rxa2 38.g4 f4 39.Nxe4 f3  0-1

[Event "Konex"]
[Site "Buenos Aires"]
[Date "1979.??.??"]
[Round "4"]
[White "Szmetan, Jorge"]
[Black "Liberzon, Vladimir M"]
[Result "1/2-1/2"]
[WhiteElo "2400"]
[BlackElo "2515"]

1.e4 c5 2.Nf3 Nc6 3.d4 cxd4 4.Nxd4 e6 5.Nc3 d6 6.Be3 Nf6 7.Bc4 a6 8.Qe2 Qc7
9.O-O-O Be7 10.Bb3 O-O 11.g4 Nxd4 12.Rxd4 Nd7 13.g5 Nc5 14.Rg1 f5 15.exf5 Rxf5
16.Rh4 Nxb3+ 17.axb3 g6 18.Rg3 Bd7 19.Rgh3 Rf7 20.Qd3 e5 21.Nd5 Qa5 22.Qxg6+ Kf8
23.b4 Qxd5 24.Rxh7 Qh1+ 25.Kd2 Qd5+ 26.Kc1 Qh1+ 27.Kd2  1/2-1/2

[Event "BCF-ch"]
[Site "Chester"]
[Date "1979.??.??"]
[Round "3"]
[White "Hall, John"]
[Black "Povah, Nigel E"]
[Result "1/2-1/2"]
[WhiteElo "2200"]
[BlackElo "2325"]

1.e4 c5 2.Nf3 e6 3.Nc3 Nc6 4.d4 cxd4 5.Nxd4 Nf6 6.Ndb5 d6 7.Bf4 e5 8.Bg5 a6
9.Na3 b5 10.Nd5 Be7 11.Bxf6 Bxf6 12.c3 O-O 13.Nc2 Rb8 14.a4 bxa4 15.Rxa4 Rxb2
16.Bxa6 Bg5 17.O-O Be6 18.Bc4 Na5 19.Nce3 Bxe3 20.Nxe3 Qb6 21.Bd5 Rb5 22.Qa1 Nb3
23.Qa2 Nc5 24.Nc4 Bxd5 25.exd5 Qb8  1/2-1/2

[Event "BCF-ch"]
[Site "Chester"]
[Date "1979.??.??"]
[Round "7"]
[White "Macaulay, S."]
[Black "Brangham, G."]
[Result "1/2-1/2"]
[WhiteElo "2200"]
[BlackElo "2200"]

1.e4 c5 2.Nf3 e6 3.d4 cxd4 4.Nxd4 Nc6 5.Nc3 a6 6.Be2 Qc7 7.O-O Nf6 8.Be3 Be7
9.f4 d6 10.Qe1 O-O 11.Qg3 d5 12.Bd3 Nxd4 13.Bxd4 Bc5 14.Bxc5 Qxc5+ 15.Kh1 dxe4
16.Nxe4 Nxe4 17.Bxe4 f5 18.Bd3 Bd7 19.Rfe1 Rac8 20.Rad1 Rc7 21.c3 Qa5 22.Bb1 Qb6
23.Rd2 Bc6 24.Red1 Rcc8 25.Bc2 Rcd8 26.Bb3 Rxd2 27.Bxe6+ Kh8 28.Rxd2 Rd8
29.Rxd8+ Qxd8 30.h3 Qf6 31.Bc4 h6 32.Qd3 Qh4 33.Qe3 Be4 34.b4 Kh7 35.a4 Qd8
36.Bb3 Qc7 37.a5 Qe7 38.Kh2 Qd6 39.Kh1 Qf6 40.Kh2 Qc6 41.Qg3 Qd6 42.h4 Qd2
43.Be6 Qd6 44.Bf7 Qd2 45.h5 Kh8 46.Be6 Qd8 47.Bb3 Qd2 48.Bf7 Qd7 49.Bc4 Qd2
50.Bb3 Qd8 51.Kh3 Qd2 52.Be6 Qd6 53.Bc4 Qd1  1/2-1/2

[Event "BCF-ch"]
[Site "Chester"]
[Date "1979.??.??"]
[Round "10"]
[White "Watson, William N"]
[Black "Cummings, David H"]
[Result "0-1"]
[WhiteElo "2265"]
[BlackElo "2265"]

1.e4 c5 2.Nf3 e6 3.d4 cxd4 4.Nxd4 Nc6 5.Nc3 a6 6.Be2 Qc7 7.a3 Nf6 8.O-O Bd6
9.Kh1 Nxd4 10.Qxd4 Be5 11.Qd3 b5 12.f4 Bxc3 13.bxc3 Bb7 14.e5 Nd5 15.Bb2 Rc8
16.Qg3 g6 17.Bd3 Nxc3 18.Rae1 Qc5 19.Bc1 Kd8 20.Re3 Nd5 21.Re4 Nc3 22.Rb4 Nd5
23.Rb3 h6 24.Bd2 Kc7 25.Rfb1 g5 26.fxg5 hxg5 27.Be4 Bc6 28.a4 Rh4 29.axb5 axb5
30.Ba5+ Kb7 31.c4 Qxc4 32.Bd3 Qf4 33.Be1 Rg4 34.Bxb5 Rxg3 35.Bd3+ Ka7 36.Bxg3 Qa4
37.Bf2+ Ka8 38.R3b2 Nc3 39.Rc1  0-1

[Event "Copenhagen AS04"]
[Site "Copenhagen"]
[Date "1979.??.??"]
[Round "1"]
[White "Iskov, Gert"]
[Black "Krnic, Zdenko"]
[Result "1-0"]
[WhiteElo "2370"]
[BlackElo "2390"]

1.e4 c5 2.Nf3 Nc6 3.d4 cxd4 4.Nxd4 e6 5.Nc3 a6 6.g3 Nxd4 7.Qxd4 Ne7 8.Be3 b5
9.Bg2 Nc6 10.Qd1 Bb7 11.O-O d6 12.f4 Be7 13.f5 O-O 14.e5 dxe5 15.fxe6 fxe6
16.Qg4 Kh8 17.Qxe6 Nd4 18.Rxf8+ Qxf8 19.Bxd4 Bxg2 20.Kxg2 exd4 21.Nd5 Bc5
22.Re1 Rd8 23.Nf4 Bd6 24.Nd3 h6 25.Re4 Rc8 26.Re2 Rd8 27.Qg6 Qg8 28.Re6 Qf8
29.Ne1 a5 30.Nf3 Be7 31.Ne5 Kg8 32.Nc6 Rd7 33.Qe4 Kf7 34.Ne5+ Kxe6 35.Ng6+ Kf7
36.Qf5+ Ke8 37.Nxf8 Bxf8 38.Qxb5 Bb4 39.Kf3 Kd8 40.a3 Be1 41.Ke2 Re7+ 42.Kd3 Rc7
43.Qe5 Re7 44.Qb8+ Kd7 45.Kxd4 Kc6 46.Qc8+ Kd6 47.c3 Bf2+ 48.Kd3 Bb6 49.b4 axb4
50.axb4 Bg1 51.h3 Re3+ 52.Kd2 Re7 53.Qf5 Kc6 54.c4 Rd7+ 55.Kc2 Rd6 56.Qc8+  1-0

[Event "Gladsaxe"]
[Site "Gladsaxe"]
[Date "1979.??.??"]
[Round "1"]
[White "Wedberg, Tom"]
[Black "Niklasson, Christer"]
[Result "1/2-1/2"]
[WhiteElo "2425"]
[BlackElo "2385"]

1.e4 c5 2.Nf3 e6 3.d4 cxd4 4.Nxd4 Nc6 5.Nc3 Qc7 6.g3 a6 7.Bg2 Nf6 8.O-O d6
9.Be3 Be7 10.f4 O-O 11.Bf3 Rd8 12.Qe2 Nxd4 13.Bxd4 e5 14.Be3 b5 15.a3 Bb7
16.Rad1 Bc6 17.Nd5 Bxd5 18.exd5 Rac8 19.Rd2  1/2-1/2

[Event "Gladsaxe"]
[Site "Gladsaxe"]
[Date "1979.??.??"]
[Round "4"]
[White "Arnason, Jon L"]
[Black "Niklasson, Christer"]
[Result "1/2-1/2"]
[WhiteElo "2410"]
[BlackElo "2385"]

1.e4 c5 2.Nf3 e6 3.d4 cxd4 4.Nxd4 Nc6 5.Nc3 Qc7 6.Be2 Nf6 7.O-O a6 8.Kh1 Be7
9.Be3 d6 10.f4 O-O 11.Qe1 Nxd4 12.Bxd4 b5 13.Qg3 Bb7 14.a3 Bc6 15.Rae1 Rac8
16.Bd3 e5 17.fxe5 Nh5 18.Qh3 dxe5 19.Nd5 Bxd5 20.Bxe5 Qxe5 21.exd5 Qg5 22.Rf5 Qh4
23.Qxh4 Bxh4 24.Rxh5 Bxe1 25.Bxh7+ Kh8 26.Bf5+  1/2-1/2

[Event "Gladsaxe"]
[Site "Gladsaxe"]
[Date "1979.??.??"]
[Round "8"]
[White "Kristiansen, Jens"]
[Black "Niklasson, Christer"]
[Result "1-0"]
[WhiteElo "2365"]
[BlackElo "2385"]

1.e4 c5 2.Nf3 e6 3.d4 cxd4 4.Nxd4 Nc6 5.Nc3 a6 6.Be2 d6 7.O-O Nf6 8.Be3 Be7
9.f4 O-O 10.a4 Qc7 11.Bf3 Rd8 12.Qc1 Rb8 13.Kh1 Bd7 14.Qe1 Nxd4 15.Bxd4 e5
16.fxe5 dxe5 17.Qg3 Bd6 18.Be3 Be6 19.Be2 Kh8 20.Bg5 Be7 21.Bd3 Ng8 22.Bd2 Bb4
23.Nd5 Bxd5 24.Bxb4 Be6 25.Rf3 f6 26.Qh4 Rbc8 27.b3 Rd4 28.Bd2 Rcd8 29.Be3 R4d6
30.Rb1 Rc6 31.Qe1 Ne7 32.Qf1 Bf7 33.g4 Bg6 34.g5 Ng8 35.Qf2 Rc3 36.Bb6 Qd7
37.Bxd8 Qxd8 38.Rf1 Rc6 39.Qe3 Rd6 40.h4 Rd4 41.Rg3 Qc8 42.gxf6 Nxf6 43.Rxf6 gxf6
44.h5 f5 45.hxg6 f4 46.Qf3  1-0

[Event "Hastings7980"]
[Site "Hastings"]
[Date "1979.??.??"]
[Round "1"]
[White "Mestel, A Jonathan"]
[Black "Liberzon, Vladimir M"]
[Result "1-0"]
[WhiteElo "2475"]
[BlackElo "2515"]

1.e4 c5 2.Nf3 e6 3.d4 cxd4 4.Nxd4 Nc6 5.Nc3 a6 6.g3 d6 7.Bg2 Bd7 8.O-O Nf6
9.Nxc6 Bxc6 10.a4 Be7 11.a5 O-O 12.Be3 Nd7 13.Na4 f5 14.Nb6 Nxb6 15.Bxb6 Qd7
16.Qd3 fxe4 17.Bxe4 Bxe4 18.Qxe4 d5 19.Rad1 Qc6 20.Qg4 Bf6 21.c3 Rae8 22.Rd2 Rf7
23.Re1 Rd7 24.f4 e5 25.Bd4 Rde7 26.fxe5 Bxe5 27.Kg2 Bxd4 28.Rxe7 Rxe7 29.Qxd4 Re4
30.Qxd5+ Qxd5 31.Rxd5 Re2+ 32.Kf3 Rxb2 33.Rd7 h5 34.Ke4 Kh7 35.c4 Kg6 36.Ke5 Rxh2
37.Rxb7 Rg2 38.Rb3 Rc2 39.Kd5 Kf5 40.c5 g5 41.c6 h4 42.gxh4 gxh4 43.Kd6 Kg4
44.c7 h3 45.Rb8 h2 46.Rh8 Kg3 47.Kd7 Rd2+ 48.Kc6 Rc2+ 49.Kb7 Rb2+ 50.Kxa6 Rc2
51.Kb7 Rb2+ 52.Kc8 Ra2 53.a6 Ra1 54.Kb7 Rb1+ 55.Kc6 Rc1+ 56.Kb6 Rb1+ 57.Ka5 Ra1+
58.Kb4 Rb1+ 59.Ka3 Rc1 60.a7  1-0

[Event "Lodz"]
[Site "Lodz"]
[Date "1979.??.??"]
[Round "1"]
[White "Boensch, Uwe"]
[Black "Kirov, Nino"]
[Result "0-1"]
[WhiteElo "2460"]
[BlackElo "2420"]

1.e4 c5 2.Nf3 Nc6 3.d4 cxd4 4.Nxd4 e6 5.Nc3 a6 6.g3 d6 7.Bg2 Bd7 8.O-O Nf6
9.a4 Be7 10.b3 O-O 11.Bb2 Qc7 12.Nce2 e5 13.Nxc6 bxc6 14.c4 Rab8 15.Ba3 Bg4
16.Ra2 Nd7 17.h3 Be6 18.Rd2 Qb6 19.Nc1 Nc5 20.b4 Nb7 21.Rc2 a5 22.b5 Nc5
23.Rc3 Rfc8 24.Qc2 Nxa4 25.Qxa4 cxb5 26.Qd1 b4 27.Rb3 Bxc4 28.Rb1 Qc6 29.Bb2 Bxf1
30.Bxf1 a4 31.Bd3 Bd8 32.Ne2 Bb6 33.Rc1 Bc5 34.Bc4 Qxe4 35.Bd5 Qf5 36.Qe1 a3
37.Ba1 b3 38.Bc3 b2  0-1

[Event "Lodz"]
[Site "Lodz"]
[Date "1979.??.??"]
[Round "12"]
[White "Bator, Robert"]
[Black "Witkowski, Stefan"]
[Result "1-0"]
[WhiteElo "2230"]
[BlackElo "2330"]

1.e4 c5 2.Nc3 e6 3.Nge2 Nc6 4.d4 cxd4 5.Nxd4 Nf6 6.Ndb5 Bb4 7.Bf4 Nxe4 8.Qf3 d5
9.Nc7+ Kf8 10.O-O-O Bxc3 11.bxc3 Rb8 12.Nxd5 exd5 13.Qxe4 dxe4 14.Rxd8+ Nxd8
15.Bxb8 a6 16.Be2 Be6 17.Rd1 Ke7 18.a4 f5 19.Bd6+ Kf6 20.Kd2 Bd7 21.a5 Ne6
22.f4 exf3 23.Bxf3 Rd8 24.Ke3 Bc6 25.Bxc6 bxc6 26.Rd3 g5 27.c4 Rd7 28.Be5+ Ke7
29.Rb3 f4+ 30.Ke2 Nd4+ 31.Bxd4 Rxd4 32.Rb6 Kd6 33.Rxa6 Rxc4 34.Kd3 Ra4 35.Ra8 Kc5
36.Rg8 h6 37.Rg6 Rxa5 38.Rxh6 Kb6 39.Rg6 Rd5+ 40.Ke4 Kb5 41.c4+  1-0

[Event "Lloyds Bank op"]
[Site "London"]
[Date "1979.??.??"]
[Round "9"]
[White "Fiedler, W."]
[Black "Heaven, Peter"]
[Result "1-0"]
[WhiteElo "2200"]
[BlackElo "2200"]

1.e4 c5 2.Nc3 e6 3.Nf3 Nc6 4.d4 cxd4 5.Nxd4 a6 6.g3 Qc7 7.Bg2 Nf6 8.O-O Be7
9.h3 O-O 10.Nde2 b5 11.a3 Bb7 12.g4 Bc5 13.Kh1 d5 14.exd5 Rad8 15.Bg5 Ne7
16.Bxf6 gxf6 17.Ne4 Nxd5 18.Qc1 Be7 19.f4 Qc4 20.N2g3 Nb6 21.f5 Rd4 22.Qh6 Bxe4
23.Bxe4 Rxe4 24.Nh5 Rxg4 25.hxg4 Qe4+ 26.Kh2  1-0

[Event "Lone Pine op"]
[Site "Lone Pine"]
[Date "1979.??.??"]
[Round "7"]
[White "De Firmian, Nick E"]
[Black "Hort, Vlastimil"]
[Result "0-1"]
[WhiteElo "2415"]
[BlackElo "2600"]

1.e4 c5 2.Nf3 e6 3.d4 cxd4 4.Nxd4 Nc6 5.Nc3 Qc7 6.g3 a6 7.Bg2 Nge7 8.O-O Nxd4
9.Qxd4 Nc6 10.Qd1 Be7 11.Be3 Rb8 12.Qg4 O-O 13.f4 f6 14.Kh1 b5 15.Rae1 Rf7
16.Qe2 Bb4 17.Bd2 Bf8 18.f5 Ne5 19.Bf4 Bb4 20.Rf3 Rb6 21.a3 Bd6 22.Rf2 Bc5
23.Rff1 Bb7 24.Nb1 b4 25.axb4 Bxb4 26.c3 Bd6 27.Na3 a5 28.c4 Ba6 29.Rc1 Rb4
30.Rfd1 Qb8 31.Rc2 Bc7 32.Rdc1 Bb7 33.c5 Bc6 34.Bxe5 Bxe5 35.Nc4 Bb5 36.Qd1 Ba4
37.fxe6 dxe6 38.Nxe5 Bxc2 39.Rxc2 Qxe5 40.c6 Rd4 41.Qc1 Rc7 42.Rd2 Qg5  0-1

[Event "Lone Pine op"]
[Site "Lone Pine"]
[Date "1979.??.??"]
[Round "7"]
[White "Van der Wiel, John TH"]
[Black "Ligterink, Gert"]
[Result "0-1"]
[WhiteElo "2400"]
[BlackElo "2440"]

1.e4 c5 2.Nf3 e6 3.d4 cxd4 4.Nxd4 Nc6 5.Nc3 d6 6.Be2 Nf6 7.O-O Be7 8.Be3 O-O
9.f4 a6 10.a4 Qc7 11.Nb3 b6 12.Bf3 Rb8 13.Qe2 Na5 14.Nd2 Rd8 15.g4 d5 16.exd5 Nxd5
17.Nxd5 exd5 18.c3 Re8 19.Bd4 Bd7 20.Bxd5 Bc5 21.Qg2 Bxd4+ 22.cxd4 Qd6 23.f5 Bc6
24.Bxc6 Nxc6 25.d5 Nb4 26.Rad1 Nxd5 27.Ne4 Qb4 28.Rfe1 Re5 29.Nf6+ gxf6 30.Rxe5 fxe5
31.Qxd5 Qxg4+ 32.Qg2 Qxg2+ 33.Kxg2 Kg7 34.Rd6 a5 35.b3 b5 36.Ra6 bxa4 37.bxa4 Rb4
38.Rxa5 Kf6 39.Ra7 Rf4 40.a5 Rxf5 41.a6 Rf4 42.Ra8 Ra4 43.Kf3 Kf5 44.Ke2 Ke4
45.Kd2 f5 46.a7 f4 47.h4 f3 48.h5 Ra2+ 49.Kc3 f2 50.Rf8  0-1

[Event "Luzern"]
[Site "Luzern"]
[Date "1979.??.??"]
[Round "?"]
[White "Gruenfeld, Yehuda"]
[Black "Liberzon, Vladimir M"]
[Result "1-0"]
[WhiteElo "2430"]
[BlackElo "2515"]

1.e4 c5 2.Nf3 e6 3.d4 cxd4 4.Nxd4 Nc6 5.Nc3 a6 6.g3 d6 7.Bg2 Bd7 8.O-O Nf6
9.Re1 Be7 10.Nxc6 Bxc6 11.a4 O-O 12.a5 Nd7 13.Be3 Qc7 14.Na4 Bxa4 15.Rxa4 Rac8
16.c3 Ne5 17.Bf1 Qd7 18.Be2 Nc6 19.f4 Bd8 20.Qa1 Qc7 21.Bb6 Qe7 22.Bf2 Qc7
23.b4 Bf6 24.Qa3 d5 25.e5 Be7 26.Qb2 Qd7 27.Raa1 f6 28.exf6 Bxf6 29.Bg4 Rfe8
30.Rac1 Nd8 31.Qd2 Rc4 32.Be2 Re4 33.Red1 Nf7 34.Bd3 Nd6 35.Bc5 Nc4 36.Qf2 Qb5
37.Bxe4 dxe4 38.Qe2 e5 39.fxe5 Nxe5 40.Qxe4 Kh8 41.Re1 g6 42.Bd4 Re7 43.Rf1 Bg7
44.Rce1 Qe8 45.Rd1 Qc8 46.Qd5 h5 47.Bxe5 Bxe5 48.Qd8+ Qxd8 49.Rxd8+ Kh7 50.Rf3 Kh6
51.Rfd3 Rc7 52.R8d7 Rc4 53.Rxb7 Bxc3 54.b5 axb5 55.Rxb5 Bd4+ 56.Kf1 Ra4 57.Ke2 Bg1
58.h3 Ra2+ 59.Kd1 Bf2 60.g4 hxg4 61.hxg4 Ra1+ 62.Ke2 Be1 63.a6  1-0